| 000 | 00346nam a22001457a 4500 | ||
|---|---|---|---|
| 008 | 221208b ||||| |||| 00| 0 eng d | ||
| 020 | _a9780393919370 | ||
| 041 | _aeng | ||
| 080 |
_2FOURTH EDITION _a575 |
||
| 082 | _a575GIL | ||
| 100 | _a13 | ||
| 101 | _aBIOKI | ||
| 245 |
_aCHEMISTRY THE SCIENCE IN CONTEXT _cGILBERT R .TH |
||
| 942 |
_2udc _cBK |
||
| 999 |
_c59137 _d59137 |
||